[Event "C'Chartres Blitz op April"]
[Site "Europe Echecs INT"]
[Date "2021.04.10"]
[Round "5"]
[White "Giblin, Martin"]
[Black "Godon, Philippe"]
[Result "0-1"]
[WhiteElo "1447"]
[BlackElo "1818"]
[PlyCount "132"]
[EventDate "2021.04.10"]
[EventType "swiss (blitz)"]
[EventRounds "11"]
[EventCountry "FRA"]
[SourceTitle "CBM 201 Extra"]
[Source "ChessBase"]
[SourceDate "2021.05.31"]
[SourceVersion "1"]
[SourceVersionDate "2021.05.31"]
[SourceQuality "1"]

1. d4 d5 2. c4 c6 3. Nc3 e6 4. e3 Nf6 5. cxd5 exd5 6. Bd3 Nbd7 7. Qc2 Bd6 8. Nge2 Qc7 9. Bd2 Nb6 10. h3 Nc4 11. Bxc4 dxc4 12. Ne4 Nxe4 13. Qxe4+ Be6 14. 0-0 0-0 15. Rac1 Rfe8 16. Qh4 Bf5 17. Rfe1 b5 18. Nf4 a5 19. b3 Ba3 20. bxc4 Bxc1 21. Rxc1 b4 22. Qg5 Bg6 23. Nxg6 hxg6 24. d5 Qd8 25. Qxd8 Raxd8 26. Be1 cxd5 27. cxd5 Rxd5 28. Kf1 Red8 29. Ke2 Rd3 30. Rc5 Ra3 31. Rc2 Rdd3 32. Bd2 Rd5 33. Bc1 Rc3 34. Rxc3 bxc3 35. f3 Rb5 36. a3 Rb2+ 37. Kd3 Rxg2 38. Kxc3 Rg3 39. Kc4 Rxf3 40. Kb5 Rxh3 41. Kxa5 Rh1 42. Bd2 Rd1 43. Bb4 Rd3 44. Bc5 f5 45. Kb5 Kf7 46. a4 Ke6 47. a5 Rd8 48. a6 Kd5 49. Bb6 Rb8 50. Ka5 Kc6 51. a7 Ra8 52. Ka6 g5 53. Bd4 g6 54. Bf6 g4 55. Bh4 Kd5 56. Bf2 Ke4 57. Kb6 Kf3 58. Bg1 g3 59. Kb7 Rxa7+ 60. Kxa7 Kg2 61. e4 fxe4 62. Be3 Kf3 63. Bg1 g2 64. Kb6 e3 65. Kc5 e2 66. Kd4 e1Q 0-1

[Event "Cappelle Online Bullet op"]
[Site "Europe Echecs INT"]
[Date "2021.03.05"]
[Round "1"]
[White "Giblin, Martin"]
[Black "Saya, Ethan"]
[Result "0-1"]
[WhiteElo "1447"]
[BlackElo "2230"]
[PlyCount "64"]
[EventDate "2021.03.05"]
[EventType "swiss (blitz)"]
[EventRounds "15"]
[EventCountry "FRA"]
[SourceTitle "EXT 2022"]
[Source "ChessBase"]
[SourceDate "2021.10.06"]
[SourceVersion "1"]
[SourceVersionDate "2021.10.06"]
[SourceQuality "1"]

1. d4 Nf6 2. c4 e6 3. Nc3 Bb4 4. e4 Nxe4 5. Bd2 Nxd2 6. Qxd2 0-0 7. Nf3 b6 8. Bd3 Bb7 9. 0-0 f5 10. Ne5 d6 11. Nf3 Nd7 12. Rfe1 Qf6 13. d5 e5 14. h3 e4 15. Nh2 Bxc3 16. Qxc3 Qxc3 17. bxc3 exd3 18. Re7 Rf7 19. Rxf7 Kxf7 20. Rd1 Nc5 21. Nf3 Re8 22. Ng5+ Kg6 23. Nf3 Kf6 24. Nd4 Ba6 25. Ne6 Nxe6 26. dxe6 Rxe6 27. Rxd3 Bxc4 28. Rd4 Re1+ 29. Kh2 d5 30. Kg3 Re4 31. Rd2 f4+ 32. Kf3 Re1 0-1

[Event "Cappelle Online Bullet op"]
[Site "Europe Echecs INT"]
[Date "2021.03.05"]
[Round "8"]
[White "Lagura, Marcelo"]
[Black "Giblin, Martin"]
[Result "1-0"]
[WhiteElo "1756"]
[BlackElo "1447"]
[PlyCount "47"]
[EventDate "2021.03.05"]
[EventType "swiss (blitz)"]
[EventRounds "15"]
[EventCountry "FRA"]
[SourceTitle "EXT 2022"]
[Source "ChessBase"]
[SourceDate "2021.10.06"]
[SourceVersion "1"]
[SourceVersionDate "2021.10.06"]
[SourceQuality "1"]

1. e4 g6 2. Nf3 Bg7 3. d4 d6 4. Nc3 e6 5. Bd3 Ne7 6. h3 Nd7 7. Be3 a6 8. Qd2 b5 9. 0-0-0 Bb7 10. a3 0-0 11. g4 c5 12. h4 cxd4 13. Nxd4 e5 14. Nf3 Nc5 15. h5 Nxd3+ 16. Qxd3 Qc7 17. hxg6 Nxg6 18. Ng5 h6 19. Nh3 Rad8 20. g5 hxg5 21. Nxg5 d5 22. Nxd5 Bxd5 23. exd5 Nf4 24. Qh7# 1-0

[Event "Ville d'Orsay online Blitz"]
[Site "Europe Echecs INT"]
[Date "2021.02.07"]
[Round "11"]
[White "Guzman Mellado, Arcadio"]
[Black "Giblin, Martin"]
[Result "0-1"]
[WhiteElo "1868"]
[BlackElo "1447"]
[PlyCount "110"]
[EventDate "2021.02.07"]
[EventType "swiss (blitz)"]
[EventRounds "11"]
[EventCountry "FRA"]
[SourceTitle "CBM 200 Extra"]
[Source "ChessBase"]
[SourceDate "2021.03.31"]
[SourceVersion "1"]
[SourceVersionDate "2021.03.31"]
[SourceQuality "1"]

1. e4 g6 2. d4 Bg7 3. c3 d6 4. Nf3 Nf6 5. Bd3 Nbd7 6. Nbd2 c6 7. 0-0 Qc7 8. a4 0-0 9. Nc4 b5 10. axb5 cxb5 11. Ne3 a6 12. Bxb5 Nxe4 13. Bd3 Bb7 14. Qc2 Nef6 15. h3 Bxf3 16. gxf3 Qc6 17. Qe2 a5 18. Ng4 Rfb8 19. Be4 d5 20. Bd3 e6 21. Ne5 Nxe5 22. dxe5 Nd7 23. f4 Nc5 24. Bc2 Nb3 25. Bxb3 Rxb3 26. Kh2 Qd7 27. Rg1 Qe7 28. Rg3 Kh8 29. Qc2 Rb7 30. Ra4 Qc5 31. Kg2 Qb5 32. Rd4 Rc8 33. h4 Qc5 34. h5 Qxd4 35. cxd4 Rxc2 36. Rc3 Rxc3 37. bxc3 Rb1 38. Ba3 gxh5 39. Bc5 Rb3 40. Kg3 Rxc3+ 41. Kh4 Rf3 42. Kxh5 Rxf4 43. Kg5 Rxf2 44. Kh5 a4 45. Kg4 Rg2+ 46. Kf3 Rb2 47. Ke3 Rb8 48. Kd3 Ra8 49. Ba3 f6 50. exf6 Bxf6 51. Kc3 e5 52. dxe5 Bxe5+ 53. Kd3 h5 54. Ke3 h4 55. Kf3 h3 0-1

[Event "Cappelle Online Blitz op 1st"]
[Site "Europe Echecs INT"]
[Date "2021.01.10"]
[Round "10"]
[White "Jimenez, Georges"]
[Black "Giblin, Martin"]
[Result "0-1"]
[WhiteElo "1754"]
[BlackElo "1447"]
[PlyCount "44"]
[EventDate "2021.01.10"]
[EventType "swiss (blitz)"]
[EventRounds "11"]
[EventCountry "FRA"]
[SourceTitle "CBM 200 Extra"]
[Source "ChessBase"]
[SourceDate "2021.03.31"]
[SourceVersion "1"]
[SourceVersionDate "2021.03.31"]
[SourceQuality "1"]

1. d4 f5 2. g4 fxg4 3. h3 g3 4. fxg3 Nf6 5. Nf3 g6 6. Nc3 Bg7 7. Bg5 0-0 8. Qd2 d6 9. Bh6 Qe8 10. Bxg7 Kxg7 11. 0-0-0 c6 12. e4 e5 13. Ng5 h6 14. h4 hxg5 15. hxg5 Ng4 16. Qe2 Nf2 17. Bg2 Nxd1 18. Nxd1 Rh8 19. Qf2 Rxh1 20. Qf6+ Kg8 21. Bxh1 exd4 22. Ne3 dxe3 0-1

[Event "Cappelle Online Blitz op 1st"]
[Site "Europe Echecs INT"]
[Date "2021.01.10"]
[Round "2"]
[White "Louvrier Saint Mary, Jean Roger"]
[Black "Giblin, Martin"]
[Result "1-0"]
[WhiteElo "1780"]
[BlackElo "1447"]
[PlyCount "101"]
[EventDate "2021.01.10"]
[EventType "swiss (blitz)"]
[EventRounds "11"]
[EventCountry "FRA"]
[SourceTitle "CBM 200 Extra"]
[Source "ChessBase"]
[SourceDate "2021.03.31"]
[SourceVersion "1"]
[SourceVersionDate "2021.03.31"]
[SourceQuality "1"]

1. b3 b6 2. Bb2 Bb7 3. e3 d5 4. f4 c5 5. Nf3 Nc6 6. Bb5 a6 7. Bxc6+ Bxc6 8. Ne5 Bb7 9. 0-0 Nf6 10. d3 e6 11. Nd2 Bd6 12. Ng4 Nxg4 13. Qxg4 f6 14. Qxe6+ Qe7 15. Qxe7+ Kxe7 16. e4 dxe4 17. Nxe4 Bxe4 18. dxe4 Kd7 19. e5 fxe5 20. fxe5 Be7 21. Rad1+ Kc6 22. e6 Rad8 23. Bxg7 Rhg8 24. Rxd8 Rxd8 25. Bf6 Bxf6 26. Rxf6 Re8 27. Rf7 Rxe6 28. Rxh7 Rd6 29. Re7 Rd1+ 30. Kf2 Rb1 31. a4 Rb2 32. Re2 Kd5 33. h4 Rb1 34. g4 Rh1 35. h5 c4 36. Kg2 Rh4 37. Kg3 Rh1 38. b4 b5 39. axb5 axb5 40. Kf4 c3 41. Kg5 Kc4 42. Re4+ Kd5 43. Rf4 Rc1 44. Rf2 Kc4 45. h6 Kxb4 46. h7 Rh1 47. Kg6 Kc4 48. Rf4+ Kd5 49. Kg7 Rxh7+ 50. Kxh7 Kc5 51. g5 1-0

[Event "FRA-ch Blitz Online Qual"]
[Site "Europe Echecs INT"]
[Date "2020.05.16"]
[Round "14"]
[White "Giblin, Martin"]
[Black "Viennois, Romain"]
[Result "1/2-1/2"]
[WhiteElo "1428"]
[BlackElo "1981"]
[PlyCount "108"]
[EventDate "2020.05.16"]
[EventType "swiss (blitz)"]
[EventRounds "15"]
[EventCountry "FRA"]
[SourceTitle "CBM 196 Extra"]
[Source "ChessBase"]
[SourceDate "2020.07.31"]
[SourceVersion "1"]
[SourceVersionDate "2020.07.31"]
[SourceQuality "1"]

1. c4 e5 2. Nc3 Bb4 3. g3 Nc6 4. Bg2 d6 5. a3 Bxc3 6. dxc3 f5 7. f4 e4 8. Be3 Nf6 9. Bf2 0-0 10. e3 Be6 11. b3 d5 12. cxd5 Nxd5 13. c4 Nf6 14. Ne2 Qxd1+ 15. Rxd1 Na5 16. Rb1 Rad8 17. 0-0 Rd2 18. Nd4 Bc8 19. Be1 Rd3 20. Bxa5 b6 21. Be1 Rxe3 22. Bf2 Rd3 23. Nc2 Rfd8 24. Ne3 Be6 25. Bh3 g6 26. Bg2 h5 27. Rfd1 a6 28. Rxd3 Rxd3 29. Bf1 Rd2 30. Be1 Rd7 31. Rd1 Kf7 32. Rxd7+ Bxd7 33. Bc3 Ke6 34. Kf2 Ng4+ 35. Nxg4 hxg4 36. Ke3 c5 37. b4 Kd6 38. h3 gxh3 39. Bxh3 Kc6 40. a4 cxb4 41. Bxb4 b5 42. axb5+ axb5 43. Bf1 bxc4 44. Bxc4 Be8 45. Kd4 Kc7 46. Bd5 Kd7 47. Bc4 Kc6 48. Bd5+ Kd7 49. Bxe4 fxe4 50. Kxe4 Ke6 51. g4 Kf7 52. f5 gxf5+ 53. gxf5 Bd7 54. f6 Kxf6 1/2-1/2